| 000 | 00657cam a2200253 4500 | ||
|---|---|---|---|
| 008 | 090401t1996 xxu||||| |||| 00| 0 eng d | ||
| 020 | _a0632038624 | ||
| 035 | _a(Sirsi) u45422 | ||
| 041 | _aeng | ||
| 050 | _a658.99 | ||
| 100 | _aOxley, R. | ||
| 245 | _aManagement techniques applied to the construction industry | ||
| 250 | _a5th ed. | ||
| 260 |
_aOxford _bBlackwell Science _c1996 |
||
| 300 | _aviii, 312p. ; 25cm. | ||
| 350 | _a21.5 | ||
| 650 | _aCONSTRUCTION INDUSTRY | ||
| 650 |
_aCONSTRUCTION MANAGEMENT _96230 |
||
| 650 | _aMANAGEMENT | ||
| 690 | _aBUILT ENVIRONMENT | ||
| 700 | _aPoskitt, J. | ||
| 942 | _n0 | ||
| 948 | _c04/03/1997 | ||
| 999 |
_c91712 _d91712 |
||